Самоучител за съчинение разсъждение VІІ клас (Запис номер 104630)
[ съкратено ]
| 000 -Лидер | |
|---|---|
| Контролно поле с фиксирана дължина | 01717nam a2200349 c 4500 |
| 003 - Код на организацията, давaща контролен номер | |
| Контролно поле | BLK |
| 005 - Дата и час на последна редакция | |
| Контролно поле | 20180420230312.0 |
| 008 - Елементи от данни с фиксирана дължина | |
| fixed length control field | 180409b bul|||||r ||||||| ||bul|| |
| 010 ## - Наследен системен номер | |
| LC control number | KNG00109738000 |
| 020 ## - Международен стандартен номер на книга ISBN | |
| Международен стандартен номер на книга ISBN | 954-9797-10-4 |
| -- | издат.: Бан Мар - на том(ч. 2) |
| 040 ## - Източник на каталожния запис | |
| Идентификатор на билиотеката - собственик на записа | BLK |
| 041 ## - Код за език | |
| Код за езика на текст/звукозапис или на отделно заглавие | Български |
| Код за езика КДБФ | Български |
| 080 ## - УДК | |
| Текстов определител УДК | Българска литература в основното училище. Методика на обучението |
| УДК код - определител по УДК | 373.3.016:821.163.2 |
| УДК определител | (075.2) |
| УДК - код + определител | 373.3.016:821.163.2(075.2) |
| 080 ## - УДК | |
| Текстов определител УДК | Литературна дейност. Редактиране. Култура на речта. Стилистика. Литературна техника |
| УДК код - определител по УДК | 808 |
| УДК определител | (075.2) |
| УДК - код + определител | 808(075.2) |
| 100 1# - Редна дума - Автор | |
| Автор | Димова, Стамена Вергилова |
| Авторска отговорност | първи автор |
| R(LIN) | 243228 |
| 139 ## - Редно поле | |
| Редна дума | Димова, Стамена Вергилова |
| Авторски знак | Димо - Д 60 |
| 245 10 - Сведения за заглавието | |
| Заглавие | Самоучител за съчинение разсъждение VІІ клас |
| Подзаглавни данни | Ч. 1 - |
| Редно поле (дума) | Стамена Вергилова Димова. |
| Том | Ч. 2 |
| 257 ## - Страна на издаване | |
| Страна на създаване/издаване | България |
| 260 ## - Област на издателските данни | |
| -- | София |
| Година на издаване | 2003 |
| Печатница | София : Симолини-94 |
| 300 ## - Физическа характеристика | |
| Размери/Мащаб | 20 см |
| 380 ## - Жанр | |
| Жанр | Обществени науки |
| 650 #4 - Допълнително описание по предмет – тема | |
| Основно описание – тема или топоним | Българска литература - методика на преподаването - за основни училища |
| 9 (RLIN) | 257239 |
| 653 ## - Ключова дума – ненормативна | |
| Ключова дума | българска литература |
| 653 ## - Ключова дума – ненормативна | |
| Ключова дума | VІІ кл. |
| 653 ## - Ключова дума – ненормативна | |
| Ключова дума | учебни помагала |
| 760 1# - Описание на основната серия | |
| -- | - на том(ч. 2) |
| Редна дума на основното описание | Димова, Стамена Вергилова |
| Място на издаване, издател и година | Бан Мар, 2003 |
| Страници - том | 80 с. |
| Заглавие | Ч. 2 |
| 852 ## - Местоположение | |
| Форматна сигнатура | Цб 217215 |
| 856 4# - Електронен адрес и достъп | |
| Електронен формат | pdf - файл |
| Път до файла /url/ | |
| 856 4# - Електронен адрес и достъп | |
| Електронен формат | pdf - файл |
| Път до файла /url/ | |
| 942 ## - АРТИКУЛИ | |
| Вид на библиотечния материал | Книги |
| Скрит в OPAC | Не |
| 944 ## - СЪЗДАВАНЕ И РЕДАКЦИЯ на ЗАПИСА | |
| Създаване/Редакция | Създаване |
| Дата на регистрацията/редакция | 17.12.2003 |
| Служител, извършил регистрацията/редакцията | Цветанка_Енчева |
| 944 ## - СЪЗДАВАНЕ И РЕДАКЦИЯ на ЗАПИСА | |
| Създаване/Редакция | Редакция |
| Дата на регистрацията/редакция | 06.01.2004 |
| Служител, извършил регистрацията/редакцията | |
| 999 ## - СИСТЕМНИ КОНТРОЛНИ НОМЕРА | |
| Koha biblionumber | 104630 |
| Koha biblioitemnumber | 104630 |
| Код за отписване | Код за изгубен артикул | Източник на класификационната схема | Код за повреда | Коз за рестрикции | Код за отдаване | Артикулен № | Име на библиотеката - собственик | Име на библиотеката, в която се намира в момента | Статус (Текущо местоположение) | Дата на вписване в системата | Местоположение - отдел | Цена в лева | Инвентарен номер | Систематично азбучна сигнатура | Баркод | Номер на екземпляра | Цена в евро | Служебна бележка | Служебен тип на артикула |
|---|---|---|---|---|---|---|---|---|---|---|---|---|---|---|---|---|---|---|---|
| Не е изгубен | Universal Decimal Classification | Не е повреден | без рестрикции | заемане за дома | 169052 | Регионална библиотека "Любен Каравелов" Русе | Регионална библиотека "Любен Каравелов" Русе | Детски отдел | 2003-12-17 | Детски отдел | 3.00 | 120000681086 | ДН 373.3.016:821/Д 60 | 120000681086 | 1 | 1.53 | Дост: Pk Вид: Ф N: 10 Дата: 17.12.2003 Дата инв: 24.08.2015 Бележки инв: Д2015 | Книги |